LEADER 01075nam a2200229 i 4500 001 000000192792 003 CaOOAMICUS 005 20100929000000.0 008 100929s1999 it u000 u ita u 013 $a171426 040 $aSeMil$bita 100 1 $aMalatesta, Enrico,$d<1952- >.$0(OLS)http://semarc/name/44850 245 13$aLa vera storia di padre Pio :$bl'unica biografia completa con i documenti segreti esclusi nel processo di beatificazione /$cEnrico Malatesta. 260 $aCasale Monferrato (AL) :$bPiemme,$c1999. 300 $a624 p. ;$c24 cm. 500 $aContiene: Bibliografia. 600 04$aPio : da Pietrelcina .$0(OLS)http://semarc/subject/470 850 $aSeMil 852 $aSeMil$W1$xVenegono$y1$m3H V 42$j143367$B143367$CSeMilBibl$Z2$F154996 $81 961 $aOmaggio: Altro 996 $6245$aLa vera storia di padre Pio :$bl'unica biografia completa con i documenti segreti esclusi nel processo di beatificazione$9(OLS)http://semarc/title/277903 996 $6260$aCasale Monferrato (AL) :$bPiemme$9(OLS)http://semarc/publisher/30052 LEADER 00954nam a2200229 i 4500 001 000000074130 003 CaOOAMICUS 005 20211122170029.0 008 070405s1947 it u000 u ita u 013 $a45302 040 $aSeMil$bita 100 1 $aAleramo, Sibilla,$d<1876-1960>.$0(OLS)http://semarc/name/36789 245 10$aSelva d'amore :$bpoesie [1912-1942] /$cSibilla Aleramo. 260 $a[Milano] :$bArnoldo Mondadori Editore,$c1947. 300 $a243 p. ;$c20 cm. 650 4$aPoesia italiana - Sec. 20. - Testi.$0(OLS)http://semarc/subject/1280 830 3$aLo specchio. I poeti del nostro tempo.$0(OLS)http://semarc/title/437868 850 $aSeMil 852 $aSeMil$W1$xVenegono$y1$m1B V 40$j40282$B40282$CSeMilBibl$Z2$F40286 $81 996 $6245$aSelva d'amore :$bpoesie [1912-1942]$9(OLS)http://semarc/title/120280 996 $6260$a[Milano] :$bArnoldo Mondadori Editore$9(OLS)http://semarc/publisher/29634